Countries and Capitals by First and Last Letter #2 - Statistics

General Stats
  • This quiz has been taken 7,599 times
    6,188 since last reset
  • The average score is 16 of 29
Answer Stats
Answer % Correct
Yemen
97%
Fiji
96%
Mali
82%
Canada
81%
Cambodia
71%
Azerbaijan
70%
Colombia
70%
Croatia
67%
China
65%
Afghanistan
63%
Malawi
62%
Tanzania
62%
Cuba
60%
Burundi
59%
Yerevan
57%
Brunei
55%
Tonga
55%
Tunisia
54%
Costa Rica
52%
Funafuti
46%
Czechia
44%
Amman
42%
Yaren
38%
Tirana
33%
Canberra
29%
Moroni
19%
Bangui
16%
Tegucigalpa
16%
Asunción
14%
No matching quizzes found
Score Distribution
Percent of People with Each Score
Percentile by Number Answered
Your Score History
You have not taken this quiz since the last reset